| 000 | 01014nam a2200241 i 4500 | ||
|---|---|---|---|
| 001 | 110829 | ||
| 003 | ES-MaACL | ||
| 005 | 20260127062537.0 | ||
| 008 | 070131s1922 sp |||| | spa d | ||
| 080 | _a343.222(460):342.518 | ||
| 100 | 1 |
_aBergamín, Francisco. _9148620 |
|
| 245 | 1 | 3 |
_aLa responsabilidad de los ministros en nuestro régimen constitucional _b: discurso / _cpronunciado por Francisco Bergamín. |
| 260 |
_aMadrid : _bReus, _c1922. |
||
| 300 |
_a26 p. ; _c18 cm. |
||
| 490 | 1 |
_aPublicaciones de la Real Academia de Jurisprudencia y Legislación ; _v63 |
|
| 594 | _aSesión inaugural del curso 1922-23, celebrada el día 17 de diciembre de 1922. | ||
| 650 | 1 | 4 |
_aResponsabilidad penal de los miembros del gobierno. _916870 |
| 700 |
_aReal Academia de Jurisprudencia y Legislación de España _9217612 |
||
| 830 | 0 |
_aPublicaciones de la Real Academia de Jurisprudencia y Legislación ; _v63 _9180630 |
|
| 852 |
_aES-MaACL _jL-5228 |
||
| 852 |
_aES-MaACL _j1666-F-3 |
||
| 999 |
_c110829 _d110829 |
||